|
|
|
|
| LEADER |
00784nab a2200169 i 4500 |
| 001 |
acta56691 |
| 005 |
20260224081030.0 |
| 008 |
190122s2015 hu o 000 hun d |
| 022 |
|
|
|a 1787-4637
|
| 040 |
|
|
|a SZTE Egyetemi Kiadványok Repozitórium
|b hun
|
| 041 |
|
|
|a hun
|
| 100 |
1 |
|
|a Bálint Emma
|
| 245 |
1 |
0 |
|a American studies in South-East Europe - a review of Working Papers in American Studies, Volume 1
|h [elektronikus dokumentum] /
|c Bálint Emma
|
| 260 |
|
|
|c 2015
|
| 490 |
0 |
|
|a Americana : E-Journal of American Studies in Hungary
|v 11 No. 2
|
| 695 |
|
|
|a Amerikanisztika - könyvismertetés
|
| 856 |
4 |
0 |
|u http://acta.bibl.u-szeged.hu/56691/2/americana_011_002_001/-american-studies-in-south-east-europe-a-review-of-working-papers-in-american-studies-vol-1-by-emma-balint.html
|z Dokumentum-elérés
|